| 000 | 00354nam a2200145 i 4500 | ||
|---|---|---|---|
| 001 | bg | ||
| 100 | 1 | _aDEMANDT, Paul | |
| 245 | 0 |
_aOdwadnianie mostów, ulic i placów / _cPaul Demandt. |
|
| 260 |
_aWarszawa, _c1980. |
||
| 040 | _cBPK | ||
| 041 | _apol | ||
| 080 | _a624.2/.8+625.7/.8:626.8 | ||
| 942 | _cKS | ||
| 008 | s pl f |000 0 pol | ||
| 999 |
_c19765 _d19765 |
||
| 856 |
_uhttp://koha.tu.koszalin.pl/cgi-bin/koha/opac-detail.pl?biblionumber=19765 _yKatalog online BPK |
||